000 01690nac a22006257a 4500
001 BR7907298
003 BR-BrBNA
005 20240105114534.0
008 230509b bl.|||m| |||| 00| 0 por d
040 _aBR-BrBNA
_bpor
_cBiblioteca Nacional de Agricultura
072 _aE70; F00
090 _a0330 BR7907298
100 1 _aCoelho, C.N. de A.
110 1 _aComissao de Financiamento da Producao, Brasilia, DF (Brasil)
_91989
245 1 _aA politica de precos minimos dentro de uma perspectiva de desenvolvimento economico [Brasil]
260 3 _aBrasilia, DF (Brasil):
_c1979.
300 _a138 p.
490 _aColecao Analise e Pesquisa - Comissao de Financiamento da Producao (Brazil)
_vv. 12
_x
500 _aBibliography p. 117-120 (60 ref.); 22 tables; 12 graphs
650 _aPOLITICA DE PRECO
650 _aPRECO MINIMO
650 _aDESENVOLVIMENTO AGRICOLA
650 _aDISTRIBUICAO DE RENDA
650 _aMERCADO ATACADISTA
650 _aESTOQUE
650 _aMAMONA
650 _aAMENDOIM
650 _aGIRASSOL
650 _aRAMI
650 _aJUTA
650 _aMALVA
650 _aSISAL
650 _aALGODAO
650 _aCEVADA
650 _aSORGO
650 _aARROZ
650 _aMILHO
650 _aAVEIA
650 _aCENTEIO
650 _aBABACU
650 _aMANDIOCA
650 _aGUARANA
650 _aFEIJAO
650 _aSEMENTE
650 _aCASTANHA DO PARA
650 _aCASTANHA DE CAJU
650 _aALHO
650 _aCARNAUBA
650 _aSEDA
650 _aMENTA
650 _aUVA
650 _aBATATA
909 _a202312
_bLúcia Elande
_c55
_dLúcia Elande
942 _2AGRIS
_n0
_cMS
999 _c269924
_d269924